How to be a better time manager / (Record no. 3543)

000 -LEADER
fixed length control field nam a22 a 4500
005 - DATE AND TIME OF LATEST TRANSACTION
control field 20170523105602.0
008 - FIXED-LENGTH DATA ELEMENTS--GENERAL INFORMATION
fixed length control field 170523s1997 enk||||| |||| 00| 0 eng d
020 ## - INTERNATIONAL STANDARD BOOK NUMBER
International Standard Book Number 0749423757 (pbk) :
Terms of availability £8.99
040 ## - CATALOGING SOURCE
Original cataloging agency AKMAL
082 ## - DEWEY DECIMAL CLASSIFICATION NUMBER
Classification number 658.4093 SMI
090 ## - LOCALLY ASSIGNED LC-TYPE CALL NUMBER (OCLC); LOCAL CALL NUMBER (RLIN)
Classification number (OCLC) (R) ; Classification number, CALL (RLIN) (NR) 658.4093
Local cutter number (OCLC) ; Book number/undivided call number, CALL (RLIN) SMI
100 1# - MAIN ENTRY--PERSONAL NAME
Personal name Smith, Jane,
Dates associated with a name 1949-
9 (RLIN) 7065
245 10 - TITLE STATEMENT
Title How to be a better time manager /
Statement of responsibility, etc. Jane Smith.
260 ## - PUBLICATION, DISTRIBUTION, ETC.
Place of publication, distribution, etc. London :
Name of publisher, distributor, etc. Kogan Page,
Date of publication, distribution, etc. 1997.
300 ## - PHYSICAL DESCRIPTION
Extent 112p. ;
Dimensions 22cm
500 ## - GENERAL NOTE
General note Includes index.
500 ## - GENERAL NOTE
General note On t.p.: The Industrial Society.
650 #0 - SUBJECT ADDED ENTRY--TOPICAL TERM
Topical term or geographic name entry element Time management.
9 (RLIN) 1213
650 #0 - SUBJECT ADDED ENTRY--TOPICAL TERM
Topical term or geographic name entry element Executives
General subdivision Time management.
9 (RLIN) 6396
710 2# - ADDED ENTRY--CORPORATE NAME
Corporate name or jurisdiction name as entry element Industrial Society.
9 (RLIN) 6472
942 ## - ADDED ENTRY ELEMENTS (KOHA)
Source of classification or shelving scheme
Koha item type Book
Holdings
Withdrawn status Lost status Source of classification or shelving scheme Damaged status Not for loan Collection code Home library Current library Shelving location Date acquired Inventory number Total Checkouts Full call number Barcode Date last seen Price effective from Koha item type
          NON-FICTION AKMAL Melaka AKMAL Melaka PINJAMAN 23.05.2017 601996   658.4093 SMI 201704476 23.05.2017 23.05.2017 Book
Pusat Sumber Maklumat Dato' Haji Sarmin Md Hussin, Akademi Kastam Diraja Malaysia, Melaka
Tel: 06-2331106 | Faks: 06-2313787